Minnesota #1 Picks Quiz Stats

 Plays Quiz not verified by Sporcle

Score 0/9 Timer 02:00
0 Plays Today
Year Player % Correct
2015Karl-Anthony Towns
80.9%
2001Joe Mauer
76.5%
1988Mike Modano
47.8%
2017Royce Lewis
40%
1978Bobby Smith
27%
1983Brian Lawton
26.1%
1968Ron Yary
22.6%
1983Tim Belcher
20.9%
1961Tommy Mason
12.2%

You're not logged in!

Compare scores with friends on all Sporcle quizzes.
OR
Log In

Show Comments

Extras

Top Quizzes Today


Score Distribution

Your Account Isn't Verified!

In order to create a playlist on Sporcle, you need to verify the email address you used during registration. Go to your Sporcle Settings to finish the process.

Report this User

Report this user for behavior that violates our Community Guidelines.

Details: